| 000 | 00889nam a2200241 a 4500 | ||
|---|---|---|---|
| 001 | 000025038 | ||
| 005 | 20250429110432.0 | ||
| 008 | 100407s1988 dr c 000 0 spa d | ||
| 040 |
_aDO-SdBNP _bspa _cBNPHU |
||
| 082 |
_a909.09 _bM276h |
||
| 100 | 1 |
_aManfred, A. Z. _938833 |
|
| 245 | 1 | 0 |
_aHistoria universal / _cA. Z. Manfred ; tradución Arnaldo Azzati. |
| 250 | _a2a ed. | ||
| 260 |
_aSanto Domingo : _bUniversitaria _bEditorial Progreso, _c1988 _fTalleres Gráficos |
||
| 300 |
_av. : _bil., retrs. ; _c21 cm. |
||
| 490 | 1 |
_aPublicaciones de la Universidad Autónoma de Santo Domingo _v525 |
|
| 500 | _aIncluye notas al pie de páginas | ||
| 650 | 0 |
_aHistoria universal _9933 |
|
| 700 | 1 |
_aAzzati, Arnardo _etr. _951369 |
|
| 710 | 1 |
_aUniversidad Autónoma de Santo Domingo _972951 |
|
| 830 | 0 |
_aPublicaciones de la Universidad Autónoma de Santo Domingo _n528 _938834 |
|
| 049 | _aBNPD | ||
| 999 |
_c24531 _d24531 |
||